Catálogo público

Reporte de la fase virtual de campo : (Record no. 217807)

MARC details
000 -CABECERA
campo de control de longitud fija 02642nam a22003497a 4500
003 - IDENTIFICADOR DEL NÚMERO DE CONTROL
campo de control CHAP
005 - FECHA Y HORA DE LA ÚLTIMA TRANSACCIÓN
campo de control 20240521111145.0
007 - CAMPO FIJO DE DESCRIPCIÓN FÍSICA--INFORMACIÓN GENERAL
campo de control de longitud fija ta
008 - DATOS DE LONGITUD FIJA--INFORMACIÓN GENERAL
campo de control de longitud fija 221116s2022 |||ad||fs||||a001 0 spa d
040 ## - FUENTE DE LA CATALOGACIÓN
Centro catalogador/agencia de origen mxchpua
090 ## - LOCALMENTE ASIGNADO TIPO-LC NÚMERO DE CLASIFICACIÓN (OCLC); NÚMERO DE CLASIFICACIÓN LOCAL (RLIN)
Número de clasificación (OCLC) (R) ; Numero de clasificación, CALL (RLIN) (NR) T.C.876
Número cutter local (OCLC) ; Número de libro/Signatura topográfica íntegra, CALL (RLIN) F56 IAI
Año 2022
245 10 - MENCIÓN DE TÍTULO
Título Reporte de la fase virtual de campo :
Resto del título la Interrelación Agricultura-Industria en la región del Bajío en los sistemas lácteos, hortalizas y cárnicos /
Mención de responsabilidad, etc. coordinadores Emmanuel Flores Girón y Juan Pérez Barrón ; colaboradores Danna Paola Jaimes Mejía...[y otros]
260 ## - PUBLICACIÓN, DISTRIBUCIÓN, ETC.
Lugar de publicación, distribución, etc. Chapingo, México :
Nombre del editor, distribuidor, etc. El autor,
Fecha de publicación, distribución, etc. 2022
300 ## - DESCRIPCIÓN FÍSICA
Extensión 1 recurso en línea (vii, 290 hojas) :
Otras características físicas ilustraciones, gráficas
336 ## - TIPO DE CONTENIDO
Fuente rdacontent
Término de tipo de contenido texto
Código de tipo de contenido txt
337 ## - TIPO DE MEDIO
Fuente rda media
Nombre/término del tipo de medio computadora
Código del tipo de medio c
338 ## - TIPO DE SOPORTE
Fuente rdacarrier
Nombre/término del tipo de soporte recurso en línea
Código del tipo de soporte cr
500 ## - NOTA GENERAL
Nota general Grado : 5° año Grupo : 04 <br/>Directorio : hojas 284-286
502 ## - NOTA DE TESIS
Nota de tesis Viaje de Estudios
Tipo de título (IAI) --
Nombre de la institución que otorga el título UACh. Departamento de Ingeniería Agroindustrial,
Año de obtención del título 2022
504 ## - NOTA DE BIBLIOGRAFÍA, ETC.
Nota de bibliografía, etc. Bibliografía : hojas 287-290
505 0# - NOTA DE CONTENIDO CON FORMATO
Título 1. C. Patricio Hernández Noriega --<br/>2. Quesos Chaurand (Celaya, Gto) --<br/>3. Consejo Mexicano de la Carne (CoMeCarne) --<br/>4. Quesos Rancho San Josemaria --<br/>5. Consejo de Desarrollo Agropecuario y Agroindustrial de Jalisco CDAAJ --<br/>6. Terbium Industrial --<br/>7. Hortalizas León Negrete S.P.R. de R.L. --<br/>8. Ing. Ismael Zamorano Ramírez --<br/>9. Ing. José Antonio Martínez Olguin --<br/>10. Cajeta la Tradicional de Salgado --<br/>11. Secretaria de Desarrollo Agroalimentario y Rural Guanajuato SDAyR --<br/>12. Rancho Avícola El Platanito --<br/>13. Famo Alimentos --<br/>14. Cajeta Artesanal La Estación --<br/>15. Sr. Armando Hernández Mendoza --<br/>16. Veggie Prime --<br/>17. Empacadora Dilusa de Aguascalientes, S.A. de C.V. --<br/>18. Pradales, Queso de Oveja Gourmet --<br/>19. Rancho La Hondonada --<br/>20. Comité Estatal de Sanidad Vegetal de Guanajuato --<br/>21. Finca Don Lencho Querétaro --<br/>22. Exportadora de Hortalizas S.A de C. V --<br/>23. Hortícola Cimarrón --<br/>24. Rancho El Potrero Grande
Nota de contenido con formato Visitas : --
650 13 - PUNTO DE ACCESO ADICIONAL DE MATERIA--TÉRMINO DE MATERIA
9 (RLIN) 57819
Término de materia o nombre geográfico como elemento de entrada Industria lechera
Subdivisión geográfica México
650 13 - PUNTO DE ACCESO ADICIONAL DE MATERIA--TÉRMINO DE MATERIA
9 (RLIN) 147937
Término de materia o nombre geográfico como elemento de entrada Industria del ganado y de la carne
Subdivisión geográfica México
650 13 - PUNTO DE ACCESO ADICIONAL DE MATERIA--TÉRMINO DE MATERIA
9 (RLIN) 162474
Término de materia o nombre geográfico como elemento de entrada Industria de las hortalizas
Subdivisión geográfica México
650 13 - PUNTO DE ACCESO ADICIONAL DE MATERIA--TÉRMINO DE MATERIA
9 (RLIN) 147068
Término de materia o nombre geográfico como elemento de entrada Dairy industry
Subdivisión geográfica Mexico
650 13 - PUNTO DE ACCESO ADICIONAL DE MATERIA--TÉRMINO DE MATERIA
9 (RLIN) 147938
Término de materia o nombre geográfico como elemento de entrada Livestock and meat industry
Subdivisión geográfica Mexico
650 13 - PUNTO DE ACCESO ADICIONAL DE MATERIA--TÉRMINO DE MATERIA
9 (RLIN) 162475
Término de materia o nombre geográfico como elemento de entrada Vegetable industry
Subdivisión geográfica Mexico
700 1# - PUNTO DE ACCESO ADICIONAL--NOMBRE DE PERSONA
9 (RLIN) 161718
Nombre de persona Flores Girón, Emmanuel
Término indicativo de función/relación coordinador
700 1# - PUNTO DE ACCESO ADICIONAL--NOMBRE DE PERSONA
9 (RLIN) 148338
Nombre de persona Pérez Barrón, Juan
Término indicativo de función/relación coordinador
700 1# - PUNTO DE ACCESO ADICIONAL--NOMBRE DE PERSONA
9 (RLIN) 185670
Nombre de persona Jaimes Mejía, Danna Paola
Término indicativo de función/relación colaboradora
856 40 - LOCALIZACIÓN Y ACCESO ELECTRÓNICOS
Identificador Uniforme del Recurso <a href="http://10.13.5.2/ve/T_C_876_IAI/T_C_876_IAI_2022-REPORTE_pdf">http://10.13.5.2/ve/T_C_876_IAI/T_C_876_IAI_2022-REPORTE_pdf</a>
Texto de enlace DESCARGAR REPORTE
Holdings
Estado de retiro Estado de pérdida Fuente del sistema de clasificación o colocación Estado dañado No para préstamo Código de colección Localización permanente Ubicación/localización actual Ubicación en estantería Fecha de adquisición Fuente de adquisición Total de préstamos Signatura topográfica completa Código de barras Fecha visto por última vez Tipo de ítem Koha
    Clasificación Universidad Autónoma de Chapingo     Viajes de estudio - En línea Ingenieria Agroindustrial Ingenieria Agroindustrial En línea 16/11/2022 El autor   T.C.876 F56 IAI 2022 1206015733 16/11/2022 Viajes de Estudio - En línea